| 000 | 00761nam a2200193 a 4500 | ||
|---|---|---|---|
| 005 | 20221209063647.0 | ||
| 008 | 991125s1981 es 000 0 spa u | ||
| 035 | _aUPN01000002354 | ||
| 049 | _aCG | ||
| 050 | 4 |
_aLC5373 _bU5.3 1981 |
|
| 110 | 2 |
_aUniversidad Nacional de Educación a Distancia (España). _bInstituto de Ciencias de la Educación |
|
| 245 | 1 | 0 |
_aAlumnos y licenciados de la UNED : _bcurso 1980-1981 / _cUniversidad Nacional de Educación a Distancia, Instituto de Ciencias de la Educación. |
| 260 |
_aMadrid : _bUNED, _c1981. |
||
| 300 | _a233 p. | ||
| 500 | _aTítulo de la cubierta: La UNED y sus alumnos | ||
| 650 | 0 |
_aEducación a distancia _zEspaña _914654 |
|
| 650 | 4 |
_aEDUCACION SUPERIOR - _vESTADISTICA - _zESPAÑA _916568 |
|
| 905 | _aLibro | ||
| 999 |
_c2354 _d2354 |
||